LIBRARY & INFORMATION CENTRE, KCAET, TAVANUR

ONLINE PUBLIC ACCESS CATALOGUE (OPAC)

Sardar vallabhayi ke naam / (Record no. 8323)

MARC details
000 -LEADER
fixed length control field 00450cam a2200181ua 4500
041 ## - LANGUAGE CODE
Language code of text/sound track or separate title hin
082 ## - DEWEY DECIMAL CLASSIFICATION NUMBER
Classification number 891.54
Item number MAN/SA
100 ## - MAIN ENTRY--AUTHOR NAME
Personal name Manibahan, Patel .
245 ## - TITLE STATEMENT
Title Sardar vallabhayi ke naam /
250 ## - EDITION STATEMENT
Edition statement 1 /
260 ## - PUBLICATION, DISTRIBUTION, ETC. (IMPRINT)
Place of publication Ahmadabad :
Name of publisher Navajivan publishing house ,
Year of publication 1952.
300 ## - PHYSICAL DESCRIPTION
Number of Pages 356 ; .
942 ## - ADDED ENTRY ELEMENTS (KOHA)
Koha item type Books
Holdings
Withdrawn status Lost status Damaged status Home library Current library Date acquired Full call number Accession Number Koha item type
Withdrawn     KAUAET Sanskrit University 07/04/2012 891.54 3239 Books
free website counter